000 00551nam a2200217Ia 4500
003 OSt
005 20220928145414.0
006 a|||||r|||| 00| 0
007 ta
008 220927b |||||||| |||| 00| 0 eng d
024 _a80527
037 _cTextual
040 _aSDCL
_cSDCL
_beng
041 _2eng
_aeng
082 _aV3y7M74, K6.1
100 _aChurchill Randolph S
_9512900
245 0 _aWinston S Churchill . V1
260 _c1966
942 _hV3y7M74, K6.1
_cTEXL
_2CC
999 _c833550
_d833550